000 00624cam a2200217 4500500
005 20260329002920.0
041 _afre
042 _adc
100 1 0 _aTenaillon, Nicolas
_eauthor
245 0 0 _aDostoïevski Le roman du corps
260 _c2014.
500 _a7
690 _aChair
690 _aCorps
690 _aMartin Duru
690 _aMichel Eltchaninoff
690 _aPhénoménologie
690 _aRussie
786 0 _nPhilosophie magazine | 76 | 2 | 2014-02-01 | p. 47-47 | 1951-1787
856 4 1 _uhttps://shs.cairn.info/magazine-philosophie-magazine-2014-2-page-47?lang=fr&redirect-ssocas=7080
999 _c1819648
_d1819648